A history of South-East Asia since 1500

Đã lưu trong:
Bibliografiske detaljer
Hovedforfatter: Khoo, Gilbert
Format: Bog
Sprog:Undetermined
Udgivet: Singapore Oxford University Press 1975
Fag:
Tags: Tilføj Tag
Ingen Tags, Vær først til at tagge denne postø!
Thư viện lưu trữ: Trung tâm Học liệu Trường Đại học Cần Thơ
LEADER 00510nam a2200193Ia 4500
001 CTU_92735
008 210402s9999 xx 000 0 und d
082 |a 959 
082 |b K45 
100 |a Khoo, Gilbert 
245 2 |a A history of South-East Asia since 1500 
245 0 |c Gilbert Khoo 
260 |a Singapore 
260 |b Oxford University Press 
260 |c 1975 
650 |a History 
650 |z Asia, southeastern 
904 |i Bằng 
980 |a Trung tâm Học liệu Trường Đại học Cần Thơ